| 000 | 01179nam a2200289Ia 4500 | ||
|---|---|---|---|
| 999 |
_c5432 _d5432 |
||
| 003 | OSt | ||
| 005 | 20200604115157.0 | ||
| 008 | 191128s1974 sp gr 000 0 spa d | ||
| 020 | _a8420620947 | ||
| 040 |
_aCO-JMCR _cCO-JMCR |
||
| 041 | 0 | _aspa | |
| 082 | 0 | 4 |
_a330.1 / _bB595t _223 |
| 100 | 1 |
_aBilas, Richard A., _eautor _94938 |
|
| 245 | 1 | 0 |
_aTeoría microeconómica / _cRichard A. Bilas ; versión española de José Vergara |
| 260 |
_aMadrid : _bAlianza, _c1974 |
||
| 300 |
_a467 páginas : _bgráficos a blanco y negro ; _c19 cm. |
||
| 490 | 0 | _aAlianza universidad | |
| 500 | _aIncluye índice alfabético páginas 455-465. | ||
| 505 | _aAlgunas cuestiones fundamentales para el análisis de la demanda y la oferta – Teoría de la demanda del consumidor: análisis basado en la utilidad marginal – Teoría de la demanda del consumidor: análisis basado en las curvas de indiferencia | ||
| 534 | _pMicroeconomic theory | ||
| 546 | _aTraducido del inglés | ||
| 650 | 1 | 4 |
_aMicroeconomía _94939 |
| 650 | 2 | 4 |
_aTeoría económica _94940 |
| 650 | 2 | 4 |
_aPrecio Modelos de mercado _xDemanda _94941 |
| 700 | 1 |
_aVergara, José, _etraductor _94942 |
|
| 942 |
_2ddc _cBK |
||